| 000 | nam a22 7a 4500 | ||
|---|---|---|---|
| 999 |
_c27546 _d27546 |
||
| 008 | 170209b xxu||||| |||| 00| 0 eng d | ||
| 020 | _a0030845602 | ||
| 050 | _aQC 28 .G47 1971 | ||
| 100 | _aHolton, Gerald | ||
| 245 |
_aThe Project Physics Course Reader: _bUnit 3 The Triumph of Mechanics/ _cGerald Holton |
||
| 260 |
_aNew York: _bHolt, Rinehart and Winston, _c1971. |
||
| 300 |
_avii,264p.: _bill.; _c25cm. |
||
| 521 | _aIncludes index. | ||
| 650 | _aPhysics. | ||
| 942 |
_2lcc _cBOOKS _hQC 28 .G47 1971 |
||